[Event "ITA-ch sf 82nd"]
[Site "Villesse"]
[Date "2023.07.16"]
[Round "2"]
[White "Musso, Alessio"]
[Black "Gallana, Marco"]
[Result "1-0"]
[WhiteElo "2131"]
[BlackElo "2275"]
[PlyCount "119"]
[EventDate "2023.07.15"]
[EventType "swiss"]
[EventRounds "9"]
[EventCountry "ITA"]
[SourceTitle "CBM 215 Extra"]
[Source "ChessBase"]
[SourceDate "2023.09.30"]
[SourceVersion "1"]
[SourceVersionDate "2023.09.30"]
[SourceQuality "1"]

1. f4 Nh6 2. b3 d5 3. Nf3 c5 4. e3 Nc6 5. Bb2 e6 6. Bb5 f6 7. Bxc6+ bxc6 8. 0-0 Bd6 9. Qe2 0-0 10. d3 Qe7 11. Nbd2 Bd7 12. Rae1 Rae8 13. Nb1 Nf7 14. Qd2 e5 15. fxe5 fxe5 16. e4 Qd8 17. Nc3 d4 18. Na4 c4 19. dxc4 c5 20. Ba3 Bxa4 21. bxa4 Qb6 22. Qd3 Qa6 23. Nh4 Nh6 24. Bc1 Be7 25. Qg3 Bxh4 26. Qxh4 Nf7 27. Qg3 Qxc4 28. Qb3 Qxb3 29. axb3 Nd8 30. Ba3 Ne6 31. Rf5 g6 32. Rxe5 Nf4 33. Rxe8 Rxe8 34. Bxc5 Rc8 35. Bxd4 Rxc2 36. Bxa7 Rxg2+ 37. Kh1 Rb2 38. Be3 Nd3 39. Rf1 Rxb3 40. Bh6 Rb8 41. a5 Ra8 42. a6 Nb4 43. a7 Nc6 44. Rc1 Nxa7 45. Ra1 Re8 46. Rxa7 Rxe4 47. Rg7+ Kh8 48. Rf7 Re8 49. Rf8+ Rxf8 50. Bxf8 Kg8 51. Bh6 Kf7 52. Kg2 Kf6 53. Kg3 Kf5 54. h4 Ke5 55. Kg4 Kf6 56. Bd2 Kg7 57. Bc3+ Kh6 58. Bd4 g5 59. hxg5+ Kg6 60. Be3 1-0

[Event "Lonigo CIS 54th Serie A1 Girone 2"]
[Site "Lonigo"]
[Date "2023.05.19"]
[Round "1.2"]
[White "Gallana, Marco"]
[Black "Bordignon, Angelo"]
[Result "0-1"]
[WhiteElo "2290"]
[BlackElo "2044"]
[PlyCount "52"]
[EventDate "2023.05.19"]
[EventType "team-tourn"]
[EventRounds "5"]
[EventCountry "ITA"]
[SourceTitle "EXT 2024"]
[Source "ChessBase"]
[SourceDate "2023.10.10"]
[SourceVersion "1"]
[SourceVersionDate "2023.10.10"]
[SourceQuality "1"]
[WhiteTeam "Venice Canal Azimuth"]
[BlackTeam "Padova Patavius Kings"]
[WhiteTeamCountry "ITA"]
[BlackTeamCountry "ITA"]

1. Nf3 Nf6 2. c4 g6 3. Nc3 Bg7 4. d4 d5 5. cxd5 Nxd5 6. e4 Nxc3 7. bxc3 c5 8. Bb5+ Nc6 9. 0-0 0-0 10. Bxc6 bxc6 11. Qc2 Qa5 12. Be3 cxd4 13. cxd4 c5 14. dxc5 Ba6 15. Rfe1 Bxa1 16. Rxa1 Rac8 17. Rc1 Qa3 18. Bd4 Rfd8 19. Qd2 e5 20. Qe3 Qa4 21. Bxe5 Rd1+ 22. Ne1 Qb5 23. h3 Rxc1 24. Qh6 Rxe1+ 25. Kh2 f6 26. Qd2 Qd3 0-1

[Event "EU-ch 23rd"]
[Site "Vrnjacka Banja"]
[Date "2023.03.13"]
[Round "11"]
[White "Gallana, Marco"]
[Black "Akbas, Umut Ata"]
[Result "0-1"]
[WhiteElo "2250"]
[BlackElo "2419"]
[PlyCount "61"]
[EventDate "2023.03.03"]
[EventType "swiss"]
[EventRounds "11"]
[EventCountry "SRB"]
[SourceTitle "CBM 213"]
[Source "ChessBase"]
[SourceDate "2023.04.30"]
[SourceVersion "1"]
[SourceVersionDate "2023.04.30"]
[SourceQuality "1"]

1. d4 Nf6 2. c4 e6 3. Nf3 d5 4. g3 Bb4+ 5. Bd2 Bd6 6. Bg2 0-0 7. 0-0 c6 8. Nc3 Nbd7 9. Qb3 dxc4 10. Qxc4 e5 11. Rad1 Qe7 12. Qb3 Re8 13. Bg5 exd4 14. Nxd4 Nc5 15. Qc4 a5 16. Nxc6 bxc6 17. Bxc6 Bb7 18. Bxf6 Qxf6 19. Bxb7 Nxb7 20. Qc6 Rab8 21. Ne4 Rxe4 22. Qxe4 Bf8 23. b3 Nc5 24. Qd4 Qe6 25. Rfe1 Ne4 26. Qd5 Qe8 27. Qd7 Bb4 28. Rf1 Nc3 29. Qxe8+ Rxe8 30. Rd3 Nxe2+ 31. Kg2 0-1

[Event "EU-ch 23rd"]
[Site "Vrnjacka Banja"]
[Date "2023.03.12"]
[Round "10"]
[White "Patrelakis, Evaggelos"]
[Black "Gallana, Marco"]
[Result "0-1"]
[WhiteElo "2387"]
[BlackElo "2250"]
[PlyCount "80"]
[EventDate "2023.03.03"]
[EventType "swiss"]
[EventRounds "11"]
[EventCountry "SRB"]
[SourceTitle "CBM 213"]
[Source "ChessBase"]
[SourceDate "2023.04.30"]
[SourceVersion "1"]
[SourceVersionDate "2023.04.30"]
[SourceQuality "1"]

1. e4 c5 2. Nf3 Nc6 3. d4 cxd4 4. Nxd4 Nf6 5. Nc3 e5 6. Ndb5 d6 7. Bg5 a6 8. Na3 b5 9. Bxf6 gxf6 10. Nd5 Bg7 11. Bd3 Ne7 12. Nxe7 Qxe7 13. 0-0 0-0 14. Qh5 f5 15. exf5 e4 16. Rae1 d5 17. c3 b4 18. cxb4 Qf6 19. Bb1 Bxf5 20. f3 Qd4+ 21. Kh1 Bg6 22. Qh3 f5 23. Nc2 Qxb2 24. fxe4 fxe4 25. Ne3 Rxf1+ 26. Rxf1 Qe5 27. Qd7 d4 28. Nc4 Qb5 29. Qe6+ Kh8 30. a4 Qe8 31. Qb6 d3 32. h3 Qxa4 33. Qb7 Rd8 34. Qb6 Qd7 35. Qxa6 Qd4 36. Qa5 Re8 37. Nd2 e3 38. Nf3 e2 39. Rg1 Qxg1+ 40. Kxg1 d2 0-1

[Event "EU-ch 23rd"]
[Site "Vrnjacka Banja"]
[Date "2023.03.06"]
[Round "4"]
[White "Samadov, Read"]
[Black "Gallana, Marco"]
[Result "1-0"]
[WhiteElo "2471"]
[BlackElo "2250"]
[PlyCount "43"]
[EventDate "2023.03.03"]
[EventType "swiss"]
[EventRounds "11"]
[EventCountry "SRB"]
[SourceTitle "CBM 213"]
[Source "ChessBase"]
[SourceDate "2023.04.30"]
[SourceVersion "1"]
[SourceVersionDate "2023.04.30"]
[SourceQuality "1"]

1. d4 d5 2. c4 e6 3. Nf3 c5 4. cxd5 exd5 5. g3 Nf6 6. Bg2 Nc6 7. 0-0 Be7 8. dxc5 Bxc5 9. a3 Ne4 10. Qd3 0-0 11. Nc3 Nxc3 12. Qxc3 Be7 13. Be3 Bf6 14. Qc2 Re8 15. Rad1 Bg4 16. Ng5 Bxg5 17. Rxd5 Qf6 18. Bxg5 Rxe2 19. Bxf6 Rxc2 20. Rg5 Be2 21. Rxg7+ Kf8 22. Rxh7 1-0

[Event "Titled Tuesday intern op 27th Sep Late"]
[Site "Chess.com INT"]
[Date "2022.09.27"]
[Round "3"]
[White "Gallana, Marco"]
[Black "Rose, Felix"]
[Result "1-0"]
[WhiteElo "2251"]
[BlackElo "2091"]
[PlyCount "25"]
[EventDate "2022.09.27"]
[EventType "swiss (blitz)"]
[EventRounds "11"]
[EventCountry "USA"]
[SourceTitle "CBM 210 Extra"]
[Source "ChessBase"]
[SourceDate "2022.11.30"]
[SourceVersion "1"]
[SourceVersionDate "2022.11.30"]
[SourceQuality "1"]

1. d4 d5 2. c4 e6 3. Nf3 Nf6 4. g3 dxc4 5. Bg2 a6 6. Ne5 Bb4+ 7. Nc3 Nd5 8. 0-0 b5 9. Nxd5 exd5 10. e4 0-0 11. exd5 Bb7 12. Nc6 Qd6 13. Bf4 1-0

[Event "Titled Tuesday intern op 20th Sep Late"]
[Site "Chess.com INT"]
[Date "2022.09.20"]
[Round "11"]
[White "Gallana, Marco"]
[Black "Lopez Gracia, Fernando"]
[Result "1-0"]
[WhiteElo "2251"]
[BlackElo "2259"]
[PlyCount "91"]
[EventDate "2022.09.20"]
[EventType "swiss (blitz)"]
[EventRounds "11"]
[EventCountry "USA"]
[SourceTitle "EXT 2023"]
[Source "ChessBase"]
[SourceDate "2022.10.05"]
[SourceVersion "1"]
[SourceVersionDate "2022.10.05"]
[SourceQuality "1"]

1. d4 Nf6 2. c4 e6 3. Nf3 c5 4. d5 d6 5. Nc3 exd5 6. cxd5 g6 7. h3 Bg7 8. Bg5 a6 9. e4 0-0 10. Bd3 h6 11. Bh4 g5 12. Bg3 Nh5 13. Bh2 Nf6 14. 0-0 Re8 15. e5 dxe5 16. Nxe5 Nbd7 17. Nc4 Nb6 18. Ne3 Bd7 19. Bf5 Bxf5 20. Nxf5 Nfxd5 21. Nxg7 Nxc3 22. bxc3 Qxd1 23. Rfxd1 Kxg7 24. Rab1 Re6 25. Rd6 Rxd6 26. Bxd6 Na4 27. Rxb7 Rd8 28. Be5+ Kg6 29. Ra7 Kf5 30. Bg7 Rd1+ 31. Kh2 Rd2 32. Rxa6 Rxa2 33. Rxh6 Ke4 34. Kg3 Nxc3 35. Bxc3 Ra3 36. f3+ Kf5 37. Bh8 g4 38. Rf6+ Kg5 39. hxg4 Ra8 40. Rf5+ Kg6 41. Bc3 Rc8 42. Rf6+ Kh7 43. g5 c4 44. Kg4 Rd8 45. Rxf7+ Kg6 46. Rg7# 1-0

[Event "Titled Tuesday intern op 16th Aug Late"]
[Site "Chess.com INT"]
[Date "2022.08.16"]
[Round "9"]
[White "Gallana, Marco"]
[Black "Altman, Joshua"]
[Result "0-1"]
[WhiteElo "2251"]
[BlackElo "2156"]
[PlyCount "88"]
[EventDate "2022.08.16"]
[EventType "swiss (blitz)"]
[EventRounds "11"]
[EventCountry "USA"]
[SourceTitle "EXT 2023"]
[Source "ChessBase"]
[SourceDate "2022.10.05"]
[SourceVersion "1"]
[SourceVersionDate "2022.10.05"]
[SourceQuality "1"]

1. d4 Nf6 2. c4 e6 3. Nf3 b6 4. a3 Bb7 5. Nc3 d5 6. cxd5 Nxd5 7. e3 Be7 8. Bb5+ c6 9. Bd3 0-0 10. e4 Nxc3 11. bxc3 c5 12. 0-0 Qc7 13. Be3 Rd8 14. Qe2 Nd7 15. Rfe1 Nf8 16. a4 a6 17. Rad1 Rac8 18. Bxa6 Ra8 19. Bd3 Rxa4 20. Ne5 Bd6 21. Nc4 Bxh2+ 22. Kh1 cxd4 23. cxd4 Bf4 24. Nxb6 Qxb6 25. Bxf4 Qxd4 26. Bc2 Qf6 27. Bxa4 Rxd1 28. Rxd1 Qxf4 29. f3 h6 30. Kg1 Ng6 31. Qd2 Qg3 32. Qf2 Qg5 33. Qd2 Qc5+ 34. Qf2 Qg5 35. Bc2 Nf4 36. Qd2 Qg3 37. Kf1 Ba6+ 38. Kg1 Nh3+ 39. Kh1 Nf2+ 40. Kg1 Nxd1 41. Bxd1 Kh7 42. Qf2 Qf4 43. Be2 Qc1+ 44. Kh2 Qd2 0-1

[Event "Titled Tuesday intern op 16th Aug Late"]
[Site "Chess.com INT"]
[Date "2022.08.16"]
[Round "10"]
[White "Gallana, Marco"]
[Black "Gheorghiu, Calin"]
[Result "0-1"]
[WhiteElo "2251"]
[BlackElo "2286"]
[PlyCount "130"]
[EventDate "2022.08.16"]
[EventType "swiss (blitz)"]
[EventRounds "11"]
[EventCountry "USA"]
[SourceTitle "EXT 2023"]
[Source "ChessBase"]
[SourceDate "2022.10.05"]
[SourceVersion "1"]
[SourceVersionDate "2022.10.05"]
[SourceQuality "1"]

1. d4 Nf6 2. c4 e6 3. Nf3 d5 4. g3 Bb4+ 5. Bd2 Bd6 6. Bg2 c6 7. Qc2 Ne4 8. Bf4 Be7 9. 0-0 0-0 10. Nc3 f5 11. h4 Nd7 12. a3 h6 13. Ne5 g5 14. hxg5 hxg5 15. Nxd7 Bxd7 16. Be5 Qe8 17. Nxe4 dxe4 18. f3 exf3 19. exf3 c5 20. Rfe1 cxd4 21. Bxd4 Rc8 22. b4 Qg6 23. Rad1 Bc6 24. Qe2 Bf6 25. Qxe6+ Kg7 26. Bxf6+ Qxf6 27. Qxf6+ Kxf6 28. Rd6+ Kf7 29. Ree6 Rce8 30. Rf6+ Kg7 31. Rxf8 Rxf8 32. Kf2 Rh8 33. Re6 a6 34. Re7+ Kf6 35. Rc7 f4 36. b5 axb5 37. cxb5 Bd5 38. Rd7 Ke5 39. Rg7 Kf6 40. Rd7 Ke5 41. Rg7 Kf6 42. Rc7 Ra8 43. Rc3 Ra5 44. Rc5 Ke5 45. gxf4+ gxf4 46. Bf1 b6 47. Rc3 Ra4 48. Rd3 Ra5 49. Rc3 Ra4 50. Be2 Rd4 51. Ke1 Be6 52. Rd3 Ra4 53. Rc3 Bf5 54. Kd2 Rd4+ 55. Kc1 Rd6 56. Kb2 Rg6 57. Bd1 Rg2+ 58. Bc2 Rf2 59. Kb3 Bxc2+ 60. Rxc2 Rxf3+ 61. Kb4 Rd3 62. Rc6 Rd4+ 63. Kc3 f3 64. Re6+ Kxe6 65. Kxd4 f2 0-1

[Event "Titled Tuesday intern op 16th Aug Late"]
[Site "Chess.com INT"]
[Date "2022.08.16"]
[Round "4"]
[White "Gascon del Nogal, Jose Rafael"]
[Black "Gallana, Marco"]
[Result "0-1"]
[WhiteElo "2461"]
[BlackElo "2251"]
[PlyCount "108"]
[EventDate "2022.08.16"]
[EventType "swiss (blitz)"]
[EventRounds "11"]
[EventCountry "USA"]
[SourceTitle "EXT 2023"]
[Source "ChessBase"]
[SourceDate "2022.10.05"]
[SourceVersion "1"]
[SourceVersionDate "2022.10.05"]
[SourceQuality "1"]

1. e4 c5 2. Nf3 Nc6 3. d4 cxd4 4. Nxd4 e5 5. Nb5 d6 6. N1c3 a6 7. Na3 Nf6 8. Bg5 Be7 9. Bxf6 Bxf6 10. Nc4 0-0 11. Qxd6 Nd4 12. 0-0-0 Be6 13. Nd5 Bg5+ 14. Kb1 b5 15. Qxd8 Bxd8 16. Nxe5 Bxd5 17. exd5 Nf5 18. Bd3 Nd6 19. Rhe1 g6 20. Nd7 Re8 21. Rxe8+ Nxe8 22. Re1 Nd6 23. Ne5 Bf6 24. c3 Re8 25. f4 Kg7 26. Kc2 g5 27. g3 h5 28. Kd2 h4 29. Ng4 Rh8 30. Nxf6 Kxf6 31. fxg5+ Kxg5 32. gxh4+ Rxh4 33. Re2 Kf6 34. b3 a5 35. a3 a4 36. Kc2 Rh3 37. bxa4 bxa4 38. c4 Nb7 39. Rf2+ Ke7 40. Kc3 Nc5 41. Rd2 Ne4+ 42. Kc2 Nxd2 43. Kxd2 Rxh2+ 44. Ke3 Kd6 45. Kd4 Rh4+ 46. Ke3 Kc5 47. Kf3 Rd4 48. Be2 Rd2 49. Ke3 Ra2 50. Ke4 Rxa3 51. Bg4 Rc3 52. Ke5 Rxc4 53. Bf5 Rd4 54. d6 Rxd6 0-1